000 00297nam a22001337a 4500
008 181017b xxu||||| |||| 00| 0 eng d
020 _a9781416025412
041 _aeng
080 _a610
100 _a4
101 _aSHM
245 _aDiagnostic Imaging Abdomen
_cJeffrey,R.B
942 _2udc
_cBK
999 _c49975
_d49975